[Event "Bogota Cesap op"]
[Site "Bogota"]
[Date "2011.09.14"]
[Round "4.10"]
[White "Lopera Restrepo, Gerson"]
[Black "Elizalde, Eduar"]
[Result "0-1"]
[WhiteElo "1600"]
[BlackElo "1600"]
[PlyCount "50"]
[EventDate "2011.09.12"]
[EventType "swiss"]
[EventRounds "5"]
[EventCountry "COL"]
[SourceTitle "EXT 2024"]
[Source "ChessBase"]
[SourceDate "2023.10.10"]
[SourceVersion "1"]
[SourceVersionDate "2023.10.10"]
[SourceQuality "1"]

1. e4 e6 2. d4 d5 3. e5 c5 4. c3 Nc6 5. Bb5 Nge7 6. Bg5 Qc7 7. Nf3 a6 8. Ba4 h6 9. Bh4 b5 10. Bc2 Bb7 11. Qd2 cxd4 12. Nxd4 Qxe5+ 13. Ne2 Nf5 14. Bxf5 Qxf5 15. 0-0 Be7 16. Bg3 0-0 17. b4 Ne5 18. Nd4 Qh5 19. Bxe5 Qxe5 20. Re1 Qh5 21. Qf4 Bf6 22. Qc7 Rab8 23. Nc6 Rfc8 24. Ne7+ Bxe7 25. Qxe7 Qg6 0-1